000 01872nam a2200325 4500
001 114461
003 DR-UNIBE
005 20260316113028.0
008 260316b2009 dr ||||| |||| 00| 0 spa d
020 _a9789993427148
040 _aBIBLIOTECA UNIBE
_bspa
_cBIBLIOTECA UNIBE
041 _aspa
082 _222
_aRD 923.197293053 T866t
100 1 _aTrujillo Ledesma, Flor de Oro,
_d1915-1978
_eautor
_9203296
245 1 0 _aTrujillo en la intimidad según su hija Flor /
_bFlor de Oro Trujillo
260 _aSanto Domingo :
_bFundación Cultural Dominicana,
_c2009
300 _a115 páginas :
_bfotografías (blanco y negro) ;
_c24 cm
500 _aEl texto es un relato de Flor de Oro a Laura Berquist editora ejecutiva de la revista norteamericana "Look" en junio 15-29 del 1965
500 _aIncluye notas al pie de las páginas e índice onomástico
520 3 _a"Trujillo en la intimidad según su hija Flor", editado por Bernardo Vega, recoge las memorias de Flor de Oro Trujillo (1915-1978), ofreciendo una visión cruda y personal del dictador. Revela la compleja relación de "amor-odio", la personalidad controladora de su padre, su obsesión por el poder, y los desgarros emocionales profundos de la familia, alejándose de la imagen oficial del régimen.
600 1 _aTrujillo Molina, Rafael Leónidas,
_d1891-1961
_939608
600 1 _aTrujillo, Flor de Oro,
_d1915-1978
_9203300
650 7 _2lemb
_aPresidentes
_zRepública Dominicana
_xFamilia
_9203301
650 7 _2lemb
_aPresidentes
_zRepública Dominicana
_vBiografía
_9203302
650 7 _2lemb
_aHijos de presidentes
_zRepública Dominicana
_vBiografía
_9203303
651 7 _2lemb
_aRepública Dominicana
_xHistoria
_yEra de Trujillo, 1930-1961
_vRelatos personales
_9203304
700 1 _aVega, Bernardo,
_d1938-
_eeditor
_91421
700 1 _aVega Guerra, Paula
_etraductor
_9203298
942 _2ddc
_cBK
999 _c114461
_d114461